000 00557cam a2200157 i 4500
008 160818s2017 ncu 000 0deng c
020 _a9781616205188
082 0 4 _a769.569881
_223
100 1 _aBarron, James,
_d1954-
_eauthor.
245 1 4 _aThe one-cent magenta :
_binside the quest to own the most valuable stamp in the world /
_cJames Barron.
250 _aFirst edition.
500 _a"Published simultaneously in Canada by Thomas Allen & Son Limited."
650 0 _aRare postage stamps
_zGuyana
650 0 _aStamp collectors
650 0 _aStamp collecting
999 _c3587
_d3587